00647nam a2200193 i 4500001001100000003000500011005001700016008004100033040002500074082001700099100003600116245013300152264005400285300001000339336002100349337002500370338002300395500003500418C2-0229972PPAK20180728160537.0001022s my |||| ||||| | may d aPPAKbengcPPAKerda04a297.12262231 aAbul Quasem, Muhammad, eauthor10aMutiara Al-Qur'an teori Imam Al-Ghazali: bsatu terjemahan dengan pengenalan dan anotasi Kitab Jawahir Al-Quran karya Al-Ghazali 1aKuala Lumpur : bUniversiti Kebangsaan Malaysia , c22 cm 2rdacontentatext 2rdamediaaunmediated 2rdacarrieravolume aTesis - Ijazah Pengajian Islam